| 000 | 00638nam a2200181 i 4500 | ||
|---|---|---|---|
| 001 | 137639 | ||
| 003 | ES-MaACL | ||
| 005 | 20230906195419.0 | ||
| 007 | t| | ||
| 008 | 070214s1916 sp r ||||1| spa d | ||
| 100 | 1 |
_aSalcedo Ruiz, Ángel. _9101855 |
|
| 245 | 1 | 0 |
_aBélgica y España _b: artículos publicados en el `Diario de Barcelona` y otros periódicos / _cpor don Angel Salcedo Ruiz. |
| 260 |
_aMadrid : _b[s. n.], _c1916 ( _fGran Imp. Católica) |
||
| 300 |
_a93 p. ; _c23 cm. |
||
| 651 | 4 |
_aBélgica- _xRelaciones- _zEspaña. _9151827 |
|
| 651 | 4 |
_aEspaña- _xRelaciones- _zBélgica. _9151828 |
|
| 852 |
_aES-MaACL _jD-8468 _bR.33185 |
||
| 999 |
_c137639 _d137639 |
||